Harry Potter - L - Statistiques

Statistiques générales
  • Ce quiz a été pris 110 fois
  • Le résultat moyen est 9 sur 15
Statistiques - réponses
Définition Réponse % Correct
Mère de Harry Lily Potter
99%
Père de Drago Lucius Malefoy
98%
Sort permettant d'allumer sa baguette Lumos
93%
Son sang permet de survivre Licorne
90%
Elle sort avec Ron durant sa 6ème année Lavande Brown
89%
Patronus d'Hermione Loutre
89%
Élève de Serdaigle de l'année de Ginny Luna Lovegood
80%
Ami de Fred et Georges Lee Jordan
68%
Créature libéré dans la salle de défense contre les forces du mal par Lockhart lors du premier cours Lutins de Cornouaille
60%
chef du Département des jeux et sports magiques cité seulement dans les livres Ludo verpey
45%
Personne atteinte de lycanthropie Loup-garou
40%
Son animal de compagnie dans le 3 Lapin
29%
Ami de Katie Bell Leanne
22%
Aptitude à pénétrer l'esprit Legilimencie
22%
Ville où se situe privey Drive Little winging
20%
Aucun quiz correspondant
Distribution des résultats
% des personnes avec chaque résultat
Percentile par nombre de réponses
Votre historique - résultats
Vous n’avez pas pris ce quiz